Economics of Transport (Record no. 9030)

000 -LEADER
fixed length control field 00292nam a2200121Ia 4500
008 - FIXED-LENGTH DATA ELEMENTS--GENERAL INFORMATION
fixed length control field 201224s9999 xx 000 0 und d
100 ## - MAIN ENTRY--PERSONAL NAME
Personal name Mohring, Herbert (Ed.)
245 #0 - TITLE STATEMENT
Title Economics of Transport
260 ## - PUBLICATION, DISTRIBUTION, ETC.
Place of publication, distribution, etc. Aldershot
Name of publisher, distributor, etc. Edward Elgaqr
300 ## - PHYSICAL DESCRIPTION
Extent 471
490 ## - SERIES STATEMENT
Volume/sequential designation Vol.II.
942 ## - ADDED ENTRY ELEMENTS (KOHA)
Koha item type Books
Holdings
Withdrawn status Lost status Damaged status Not for loan Permanent Location Date acquired Full call number Barcode Date last seen Price effective from Koha item type
        IMU Kolkata 2020-12-24 385 M699 PM04422 2020-12-24 2020-12-24 Books
Designed and Maintained by IMU-KC Library, Kolkata Campus © Copyright All Rights Reserved

webs counters

Powered by Koha